00201nam a2200085Ia 4500008004100000041000800041100001800049245003900067260000900106240625s9999 xx 000 0 und d aeng aLINUX FOR YOU aLINUX FOR YOU MANDRIVA 2009 SPRING c1909